000 005260000a22001810004500
041 0 _aSPA
082 0 4 _aG 238.4 C168a
100 1 _aCalvino, Juan (1509-1564)
245 1 0 _aAntología / Calvino
260 _aTerrassa, Barcelona : Producciones Editoriales del Nordeste
300 _a303 Pag
650 1 4 _aCALVINO, JUAN, 1509-1964 \ IGLESIA REFORMADA - CATECISMOS Y CREDOS
001 4739
942 _cBK
999 _c35298
_d35298
336 _atexto
_btxt
_2rdacontent
337 _2rdamedia
_asin mediación
_bn
338 _2rdacarrier
_avolumen
_bnc